Informace? Informace!
Pojem informácia. Systémy informačné. Popis činnosti s určením typu informácie. Informačné stratégie. Hodnotenie a klasifikácia informačných zdrojov. Metódy spracovania informácií.
Na minha lista:
| Autor principal: | |
|---|---|
| Formato: | Capítulo de Livro |
| Idioma: | tcheco |
| Assuntos: | |
| Tags: |
Sem tags, seja o primeiro a adicionar uma tag!
|
MARC
| LEADER | 00000naa a2200000 4500 | ||
|---|---|---|---|
| 001 | r033307 | ||
| 005 | 20230607101039.0 | ||
| 041 | 0 | |a cze | |
| 044 | |a CZ | ||
| 245 | 1 | 0 | |a Informace? Informace! |c Jaroslav Mozga |
| 520 | |a Pojem informácia. Systémy informačné. Popis činnosti s určením typu informácie. Informačné stratégie. Hodnotenie a klasifikácia informačných zdrojov. Metódy spracovania informácií. | ||
| 610 | 2 | 0 | |a informácie |
| 610 | 2 | 0 | |a hodnota úžitková |
| 610 | 2 | 0 | |a rozhodovanie |
| 610 | 2 | 0 | |a manažment |
| 610 | 2 | 0 | |a kultúra podniková |
| 610 | 2 | 0 | |a pojmy |
| 610 | 2 | 0 | |a zdroje informácií |
| 100 | 1 | |a Mozga, Jaroslav | |